| 000 | 00513nam a2200169 i 4500 | ||
|---|---|---|---|
| 001 | 33273 | ||
| 003 | ES-MaACL | ||
| 005 | 20240420063017.0 | ||
| 007 | t| | ||
| 008 | 030201s1957 ag ||||1| spa d | ||
| 100 | 1 |
_aBergamín, José, _d1895-1983 _927925 |
|
| 245 | 1 | 3 |
_aLa corteza de la letra _b: (palabras desnudas) / _cJosé Bergamín. |
| 260 |
_aBuenos Aires : _bLosada, _c[1957] ( _fAmericalee) |
||
| 300 |
_a181 p. ; _c19 cm. |
||
| 852 |
_aES-MaACL _jA-9663 _bR.98984 |
||
| 999 |
_c33273 _d33273 |
||